000 00832cab a2200241 4500
001 ABS46400
008 090401t1991 xxu||||| |||| 00| 0 eng d
035 _a(Sirsi) u58060
041 _aeng
100 _aWilson, D.J.
245 _aElements of the capitalization rate
260 _c1991
350 _a0
490 _aCanadian Appraiser
_v35(3) Fall 1991, 30-34(4)
520 _aAn oft-neglected aspect of the valuation of investment property is the capitalisation rate (or rate of return) selection process. The article attempts to remedy this with an exploration of the issues involved.
650 _aCAPITALISATION RATE
650 _aINVESTMENT ANALYSIS
650 _aINVESTMENT PROPERTY
650 _aVALUATION METHODS
690 _aPROPERTY-PROPERTY FINANCE AND INVESTMENT
942 _n0
948 _c04/03/1997
999 _c35419
_d35419